Угрюм-река: Роман В 2-х т.; Т. 2

Manylion Llyfryddiaeth
Prif Awdur: Шишков В. Я. Вячеслав Яковлевич
Awduron Eraill: Маркович Е. М. (иллюстратор)
Iaith:Rwseg
Cyhoeddwyd: Москва, Правда, 1982
Pynciau:
Fformat: MixedMaterials Llyfr
KOHA link:https://koha.lib.tpu.ru/cgi-bin/koha/opac-detail.pl?biblionumber=141585

MARC

LEADER 00000nam0a2200000 4500
001 141585
005 20231101220923.0
020 |a RU  |b 82-40253 
035 |a (RuTPU)RU\TPU\book\153479 
090 |a 141585 
100 |a 20080822g1982 m y0rusy5003 ca 
101 0 |a rus 
102 |a RU 
105 |a y z 000ay 
200 1 |a Угрюм-река  |e Роман В 2-х т.  |h Т. 2  |f В. Я. Шишков  |g худож. Е. М. Маркович 
210 |a Москва  |c Правда  |d 1982 
215 |d 20 см.  |a 544 с. 
610 1 |a русская литература 
610 1 |a Сибирь 
610 1 |a романы 
675 |a Р2  |z rus 
700 1 |a Шишков  |b В. Я.  |c русский писатель  |f 1873-1945  |g Вячеслав Яковлевич  |2 stltpush  |3 (RuTPU)RU\TPU\pers\3639  |9 792 
702 1 |a Маркович  |b Е. М.  |4 440 
801 0 |a RU  |b RuMRKP  |c 19950704  |g psbo 
801 1 |a RU  |b 63413507  |c 20080822  |g PSBO 
801 2 |a RU  |b 63413507  |c 20080822  |g PSBO 
942 |c BK